| 000 | 00778nam a22002057a 4500 | ||
|---|---|---|---|
| 005 | 20240530110504.0 | ||
| 008 | 150930s2012 ua f 000 0 ara d | ||
| 017 |
_a2012/5461 _bمصر . دار الكتب المصرية |
||
| 020 | _a9770815454 | ||
| 040 | _aEG-CaGPL | ||
| 082 | 0 | 4 |
_221 _a923.2 _bق/ى ث |
| 100 | 0 | _aياسر رزق | |
| 245 | 1 | 0 |
_aثورة يناير و ما بعدها هيكل يتكلم : _bمصر امام لحظة حقيقية / _cياسر رزق |
| 250 | _aط1 | ||
| 260 |
_aالقاهرة : _bدار اخبار اليوم ، قطاع الثقافة ، _c2012 . |
||
| 300 |
_a237 ص ؛ _c24 سم . |
||
| 651 | 0 | 4 |
_aمصر _xتاريخ _xالثورات |
| 651 | 0 | 4 |
_aمصر _xتاريخ _yالعصر الحديث _xثورة 25 يناير |
| 942 |
_2ddc _cBK |
||
| 999 |
_c61533 _d61533 |
||